| 000 | 00756nam a2200289Ia 4500 | ||
|---|---|---|---|
| 003 | OSt | ||
| 005 | 20220912151339.0 | ||
| 006 | a|||||r|||| 00| 0 | ||
| 007 | ta | ||
| 008 | 220909b |||||||| |||| 00| 0 eng d | ||
| 024 | _a54606 | ||
| 037 | _cTextual | ||
| 040 |
_aCSL _beng _cCSL |
||
| 041 | _aeng | ||
| 082 | _aJB:7:7, J0 | ||
| 100 | _aPanshin A J | ||
| 245 | 0 | _aForest products: Thier sources, production and utilization | |
| 250 | _a2 | ||
| 260 |
_aNew York _b McGraw Hill _c1950 |
||
| 300 |
_aix, 549p. _ccm. |
||
| 650 | _a Forestry | ||
| 650 | _aAgriculture | ||
| 700 | _a Baker W J | ||
| 700 | _a Harrar E S | ||
| 942 |
_hJB:7:7, J0 _cTEXL _2CC |
||
| 999 |
_c66605 _d66605 |
||